[Event "Marburg op-A"]
[Site "Marburg"]
[Date "2023.10.27"]
[Round "2"]
[White "Rahimi, Rahim"]
[Black "Stehning, Ralf"]
[Result "1-0"]
[WhiteElo "2045"]
[BlackElo "1818"]
[PlyCount "81"]
[EventDate "2023.10.26"]
[EventType "swiss"]
[EventRounds "7"]
[EventCountry "GER"]
[SourceTitle "CB49_2023"]
[SourceDate "2023.12.06"]
[SourceVersion "1"]
[SourceVersionDate "2023.12.06"]
[SourceQuality "1"]

1. d4 d5 2. Nf3 e6 3. Bf4 c5 4. e3 Nf6 5. c3 Bd6 6. Bxd6 Qxd6 7. Nbd2 Nc6 8. Bd3 cxd4 9. exd4 e5 10. dxe5 Nxe5 11. Nxe5 Qxe5+ 12. Qe2 Qxe2+ 13. Bxe2 0-0 14. 0-0-0 Be6 15. Bf3 Rab8 16. Nb3 b5 17. Nd4 Rfc8 18. Rhe1 Rb6 19. Kb1 a5 20. h3 b4 21. cxb4 axb4 22. g4 h6 23. Rc1 Rxc1+ 24. Rxc1 Nd7 25. Rc6 g5 26. Rxb6 Nxb6 27. Nc6 Nc4 28. Bxd5 Nd2+ 29. Kc2 b3+ 30. axb3 Bxd5 31. Ne7+ Kf8 32. Nxd5 Ne4 33. f4 Nf2 34. fxg5 hxg5 35. Kd2 Nxh3 36. Ke3 Ke8 37. Kf3 Kd7 38. Kg2 Kd6 39. Kxh3 Kxd5 40. Kg3 Kc5 41. Kf3 1-0